000 00517nam a2200157Ia 4500
008 100122s9999 xx 000 0 und d
082 _b26689
_a301.44
100 _aपंडित नलिनी
245 _aजातिवाद आणि वर्गवाद
250 _a2
260 _bसाधना प्रकाशन
_c1978
300 _a163
630 _aजातिवाद आणि वर्गवाद
730 _aजातिवाद आणि वर्गवाद
942 _cBOOK
999 _c413097
_d413094